000 00517nam a2200193Ia 4500
005 20260429112301.0
008 260429s9999||||xx |||||||||||||| ||und||
020 _a9781666871739
041 _aEnglish
082 _a537
_bADA
100 _aAdams, Christin
245 0 _aElementary electron theory /
_cChristin Adams
260 _aWilmington :
_bAmerican Academic Publisher,
_c2024.
300 _axv, 288 p.; hb
650 _a Atomic physics
650 _a Physics
650 _aElectron theory
942 _cTB
999 _c53303
_d53303